Manual on regional accounts methods

Gespeichert in:
Bibliographische Detailangaben
Körperschaft: Eurostat
Format: Buch
Sprache:Englisch
Veröffentlicht: Luxembourg Publications Office of the European Union 2013
Ausgabe:2013 edition
Schriftenreihe:Manuals and guidelines
Schlagworte:
Tags: Tag hinzufügen
Keine Tags, Fügen Sie das erste Tag hinzu!

MARC

LEADER 00000nam a2200000 4500
001 0190081
005 20240313133149.4
020 |a 978-92-79-32357-7 
041 0 |a eng 
044 |a LU 
245 1 0 |a Manual on regional accounts methods 
250 |a 2013 edition 
264 1 |a Luxembourg  |b Publications Office of the European Union  |c 2013 
300 |a 134 s. 
490 1 |a Manuals and guidelines 
830 0 |a Manuals and guidelines 
610 2 0 |a účty národné 
610 2 0 |a politika regionálna 
610 2 0 |a regióny 
610 2 0 |a hodnota pridaná 
610 2 0 |a produkt domáci hrubý 
610 2 0 |a údaje štatistické 
610 2 0 |a dane 
610 2 0 |a doprava 
610 2 0 |a pošty 
610 2 0 |a telekomunikácie 
610 2 0 |a poistenie 
610 2 0 |a priemysel 
610 2 0 |a kapitál fixný 
610 2 0 |a zamestnanosť 
610 2 0 |a produktivita práce 
610 2 0 |a domácnosti 
710 2 |a Eurostat